000 00273nam a2200121Ia 4500
008 190216s9999||||xx |||||||||||||| ||und||
100 _aJakson K J
245 0 _aNewnes Book Of Video
260 _bBatter Worth&Co
_c1983
300 _a128
650 _aPhysics
942 _cBK
999 _c33431
_d33431